Huấn luyện quân sự phổ thông: T2

Gardado en:
Detalles Bibliográficos
Autor Principal: Bộ Quốc phòng
Formato: Libro
Idioma:Undetermined
Publicado: Hà Nội Quân đội nhân dân 1983
Những chủ đề:
Các nhãn: Engadir etiqueta
Sen Etiquetas, Sexa o primeiro en etiquetar este rexistro!
Thư viện lưu trữ: Trung tâm Học liệu Trường Đại học Cần Thơ
LEADER 00566nam a2200181Ia 4500
001 CTU_14795
008 210402s9999 xx 000 0 und d
082 |a 355.5 
082 |b H502/T2 
100 |a Bộ Quốc phòng 
245 0 |a Huấn luyện quân sự phổ thông: T2 
245 0 |c Bộ Quốc phòng 
260 |a Hà Nội 
260 |b Quân đội nhân dân 
260 |c 1983 
650 |a military art and science 
904 |i Nguyễn Quang Điền, 970107 
980 |a Trung tâm Học liệu Trường Đại học Cần Thơ